Геометрия Лобачевского в аналитическом изложении

التفاصيل البيبلوغرافية
المؤلف الرئيسي: Нут Ю. Ю. Юрий Юрьевич
مؤلفون مشاركون: Академия наук СССР (АН СССР), Академия наук Эстонской ССР (АН ЭССР) Институт физики и астрономии
الملخص:Настоящая книга, выходящая в свет после смерти автора, академика Академии наук Эстонской ССР, профессора Юрия Юрьевича Нута (1892—1952), является существенным вкладом в имеющуюся уже богатую литературу о геометрии Лобачевского. Конечной целью академика Нута было создание новой теории пространства и времени, в значительной степени использующей геометрию Лобачевского; эта теория должна была объяснить ряд физических явлений. Книга написана как математическое введение в эту теорию, чем и объясняется выбор материала. Ю. Ю. Нут работал над этой книгой в течение многих лет. Особенность изложения геометрии Лобачевского в этой книге состоит в том, что метод изложения — последовательно аналитический, в то время как в большинстве случаев геометрия Лобачевского излагается синтетическим методом, на основе аксиом. Аналитический метод позволяет автору излагать геометрию Лобачевского сразу для любого числа измерений. При подготовке этого издания текст рукописи был тщательно выверен и отредактирован, а в примечания автора в конце книги, содержащие библиографические сведения, внесены дополнения, учитывающие новейшую литературу по неевклидовой геометрии на русском языке.
اللغة:الروسية
منشور في: Москва, Изд-во Академии наук СССР, 1961
الموضوعات:
التنسيق: MixedMaterials كتاب
KOHA link:https://koha.lib.tpu.ru/cgi-bin/koha/opac-detail.pl?biblionumber=224083

MARC

LEADER 00000nam0a2200000 4500
001 224083
005 20231101230553.0
035 |a (RuTPU)RU\TPU\book\244367 
090 |a 224083 
100 |a 20121019d1961 k y0rusy50 ca 
101 0 |a rus 
102 |a RU 
105 |a a z 001zy 
200 1 |a Геометрия Лобачевского в аналитическом изложении  |f Ю. Ю. Нут  |g Академия наук СССР (АН СССР) ; Академия наук Эстонской ССР (АН ЭССР), Институт физики и астрономии 
210 |a Москва  |c Изд-во Академии наук СССР  |d 1961 
215 |a 310 с.  |c черт. 
330 |a Настоящая книга, выходящая в свет после смерти автора, академика Академии наук Эстонской ССР, профессора Юрия Юрьевича Нута (1892—1952), является существенным вкладом в имеющуюся уже богатую литературу о геометрии Лобачевского. Конечной целью академика Нута было создание новой теории пространства и времени, в значительной степени использующей геометрию Лобачевского; эта теория должна была объяснить ряд физических явлений. Книга написана как математическое введение в эту теорию, чем и объясняется выбор материала. Ю. Ю. Нут работал над этой книгой в течение многих лет. Особенность изложения геометрии Лобачевского в этой книге состоит в том, что метод изложения — последовательно аналитический, в то время как в большинстве случаев геометрия Лобачевского излагается синтетическим методом, на основе аксиом. Аналитический метод позволяет автору излагать геометрию Лобачевского сразу для любого числа измерений. При подготовке этого издания текст рукописи был тщательно выверен и отредактирован, а в примечания автора в конце книги, содержащие библиографические сведения, внесены дополнения, учитывающие новейшую литературу по неевклидовой геометрии на русском языке. 
606 1 |a Лобачевского геометрия  |2 stltpush  |3 (RuTPU)RU\TPU\subj\40545  |9 60390 
610 1 |a математика 
610 1 |a точки 
610 1 |a прямые 
610 1 |a плоскости 
610 1 |a пространство Лобачевского 
610 1 |a движения 
610 1 |a вращения 
610 1 |a переносы 
610 1 |a углы 
610 1 |a двумерная геометрия 
610 1 |a тригонометрия 
610 1 |a сферическая тригонометрия 
610 1 |a кривизна пространства 
610 1 |a площади 
610 1 |a объемы 
610 1 |a кривые второго порядка 
610 1 |a фокусы 
610 1 |a директрисы 
675 |a 514.13  |v 3 
700 1 |a Нут  |b Ю. Ю.  |g Юрий Юрьевич 
712 0 2 |a Академия наук СССР (АН СССР)  |2 stltpush  |3 (RuTPU)RU\TPU\col\722 
712 0 2 |a Академия наук Эстонской ССР (АН ЭССР)  |b Институт физики и астрономии  |c (Тарту)  |c (????-1975)  |2 stltpush  |3 (RuTPU)RU\TPU\col\17870 
801 1 |a RU  |b 63413507  |c 20121019 
801 2 |a RU  |b 63413507  |c 20121120  |g RCR 
942 |c BK